[Event "NCA-chT 1st Stage"]
[Site "Managua"]
[Date "2021.10.09"]
[Round "7.3"]
[White "Olivas Siles, Roberto Carlos"]
[Black "Mayorga Bohorquez, David Antonio"]
[Result "0-1"]
[WhiteElo "1616"]
[BlackElo "1569"]
[PlyCount "66"]
[EventDate "2021.09.25"]
[EventType "team-swiss"]
[EventRounds "9"]
[EventCountry "NCA"]
[SourceTitle "EXT 2023"]
[Source "ChessBase"]
[SourceDate "2022.10.05"]
[SourceVersion "1"]
[SourceVersionDate "2022.10.05"]
[SourceQuality "1"]
[WhiteTeam "Diamante de Las Segovias"]
[BlackTeam "Centro America"]
[WhiteTeamCountry "NCA"]
[BlackTeamCountry "NCA"]

1. Nf3 d6 2. d4 e6 3. c4 Nd7 4. e4 e5 5. d5 c5 6. Bd3 h6 7. Nc3 a6 8. a4 Ngf6 9. Be3 Be7 10. Qc2 Nf8 11. Rb1 Bd7 12. b4 b6 13. bxc5 bxc5 14. Rb7 Ng6 15. 0-0 0-0 16. Rfb1 Bg4 17. Nd2 Nh7 18. Ne2 Bg5 19. Nf1 Bxe3 20. Nxe3 Bxe2 21. Bxe2 Nf4 22. Nf5 Qg5 23. g3 Rad8 24. R1b6 g6 25. Nxd6 Nf6 26. Bf1 h5 27. h4 Qg4 28. Kh2 Qf3 29. gxf4 Qxf4+ 30. Kg1 Ng4 31. Bg2 Qh2+ 32. Kf1 Qf4 33. Rxa6 Ne3+ 0-1

[Event "NCA-chT 1st Stage"]
[Site "Managua"]
[Date "2021.09.25"]
[Round "1.3"]
[White "Olivas Siles, Roberto Carlos"]
[Black "Espinoza Ortega, Yader Francisco"]
[Result "1-0"]
[WhiteElo "1616"]
[BlackElo "1544"]
[PlyCount "89"]
[EventDate "2021.09.25"]
[EventType "team-swiss"]
[EventRounds "9"]
[EventCountry "NCA"]
[SourceTitle "EXT 2023"]
[Source "ChessBase"]
[SourceDate "2022.10.05"]
[SourceVersion "1"]
[SourceVersionDate "2022.10.05"]
[SourceQuality "1"]
[WhiteTeam "Diamante de Las Segovias"]
[BlackTeam "Ciudad Sandino"]
[WhiteTeamCountry "NCA"]
[BlackTeamCountry "NCA"]

1. Nf3 Nf6 2. d4 e6 3. c4 Bb4+ 4. Bd2 Be7 5. Nc3 b6 6. e4 d5 7. Bd3 dxe4 8. Nxe4 Bb7 9. Qc2 0-0 10. Nxf6+ Bxf6 11. Bxh7+ Kh8 12. Be4 Nc6 13. 0-0-0 Nxd4 14. Nxd4 Bxe4 15. Qxe4 Qxd4 16. Qxd4 Bxd4 17. f3 Rfd8 18. Rhe1 Bf6 19. Be3 c5 20. b3 Bc3 21. Re2 Rxd1+ 22. Kxd1 Rd8+ 23. Kc2 Bf6 24. g4 g6 25. h4 Kg7 26. g5 Bd4 27. Bf4 Kf8 28. Be5 Bxe5 29. Rxe5 Rd4 30. Re4 Rd7 31. Re2 Rd4 32. Re4 Ke7 33. Rxd4 cxd4 34. Kd3 e5 35. f4 Ke6 36. Ke4 exf4 37. Kxf4 Kd6 38. b4 a5 39. a3 axb4 40. axb4 d3 41. Ke3 d2 42. Kxd2 Ke6 43. Ke3 Kf5 44. Kd4 Kg4 45. c5 1-0

[Event "NCA-chT 1st Stage"]
[Site "Managua"]
[Date "2020.10.10"]
[Round "5.16"]
[White "Olivas Siles, Roberto Carlos"]
[Black "Narvaez Talavera, Joanie Ellen"]
[Result "0-1"]
[WhiteElo "1652"]
[BlackElo "1810"]
[PlyCount "120"]
[EventDate "2020.10.03"]
[EventType "team-swiss"]
[EventRounds "9"]
[EventCountry "NCA"]
[SourceTitle "EXT 2022"]
[Source "ChessBase"]
[SourceDate "2021.10.06"]
[SourceVersion "1"]
[SourceVersionDate "2021.10.06"]
[SourceQuality "1"]

1. Nf3 d5 2. d4 Nf6 3. g3 Bf5 4. Bg2 e6 5. b3 h6 6. 0-0 Bd6 7. Bb2 0-0 8. Nbd2 Nbd7 9. Rc1 Qe7 10. c4 c6 11. Re1 Ba3 12. Bxa3 Qxa3 13. Ra1 a5 14. Ne5 Nxe5 15. dxe5 Nd7 16. cxd5 exd5 17. e4 dxe4 18. Bxe4 Be6 19. Qc2 Qc5 20. Rac1 Qxc2 21. Bxc2 Bd5 22. f4 Rfe8 23. Bf5 Nb6 24. Nf1 a4 25. Rb1 axb3 26. axb3 g6 27. Be4 Ra2 28. Bxd5 Nxd5 29. Ne3 Nxe3 30. Rxe3 Rd8 31. h4 Rdd2 32. b4 Kf8 33. Rc3 Ke7 34. Kf1 Ke6 35. Re3 Kf5 36. Rbb3 Ke6 37. Re1 Kd5 38. Rbe3 Ke6 39. R1e2 Rd1+ 40. Kf2 Rxe2+ 41. Kxe2 Rb1 42. Rd3 Rxb4 43. Rd6+ Ke7 44. Kf3 h5 45. Rf6 Rb3+ 46. Kf2 c5 47. f5 c4 48. fxg6 fxg6 49. Rxg6 c3 50. Rg7+ Ke6 51. Rc7 Kxe5 52. Rc5+ Kd4 53. Rc7 Rb2+ 54. Kf3 c2 55. g4 hxg4+ 56. Kxg4 Kd3 57. h5 Rb1 58. Rd7+ Ke3 59. Re7+ Kf2 60. Rf7+ Kg2 0-1

[Event "NCA-chT 1st Stage"]
[Site "Managua"]
[Date "2020.10.04"]
[Round "2.3"]
[White "Fonseca Cabrera, Ernesto Gregorio"]
[Black "Olivas Siles, Roberto Carlos"]
[Result "1-0"]
[WhiteElo "2222"]
[BlackElo "1652"]
[PlyCount "95"]
[EventDate "2020.10.03"]
[EventType "team-swiss"]
[EventRounds "9"]
[EventCountry "NCA"]
[SourceTitle "EXT 2022"]
[Source "ChessBase"]
[SourceDate "2021.10.06"]
[SourceVersion "1"]
[SourceVersionDate "2021.10.06"]
[SourceQuality "1"]

1. d4 Nf6 2. c4 e6 3. Nc3 d5 4. Nf3 b6 5. cxd5 Nxd5 6. e4 Nxc3 7. bxc3 Bb7 8. Bb5+ c6 9. Bd3 Be7 10. 0-0 0-0 11. Qe2 Nd7 12. Bf4 Rc8 13. c4 Re8 14. Qc2 c5 15. d5 exd5 16. exd5 g6 17. Rae1 Bf6 18. a4 Bg7 19. h4 Nf6 20. Qd2 Qd7 21. Ne5 Qxa4 22. Ra1 Qb4 23. Qc2 Nxd5 24. Bd2 Bxe5 25. Bxb4 Nxb4 26. Qb3 Bxa1 27. Rxa1 Nxd3 28. Qxd3 Rcd8 29. Qb3 Rd4 30. Rxa7 Rxh4 31. f3 Bc8 32. Ra8 Bd7 33. Rxe8+ Bxe8 34. Qxb6 Rxc4 35. Qd8 Kf8 36. Qd6+ Kg8 37. Qe5 Ba4 38. Kh2 Rc2 39. Qb8+ Kg7 40. Qb1 Kh6 41. Qa1 Bb3 42. Kg3 c4 43. Qf6 c3 44. Qh8 Rc1 45. Kf4 c2 46. Qf8+ Kh5 47. g4+ Kh4 48. Qh6# 1-0

[Event "NCA-ch 2nd phase"]
[Site "Managua"]
[Date "2019.02.03"]
[Round "8"]
[White "Olivas Siles, Roberto Carlos"]
[Black "Granados Lopez, Fidel"]
[Result "0-1"]
[WhiteElo "1571"]
[BlackElo "1761"]
[PlyCount "118"]
[EventDate "2019.01.19"]
[EventType "swiss"]
[EventRounds "9"]
[EventCountry "NCA"]
[SourceTitle "CBM 189 Extra"]
[Source "ChessBase"]
[SourceDate "2019.06.03"]
[SourceVersion "1"]
[SourceVersionDate "2019.06.03"]
[SourceQuality "1"]

1. Nf3 d5 2. d4 Nf6 3. g3 Bg4 4. Bg2 Qd7 5. Ne5 Qf5 6. Nxg4 Nxg4 7. 0-0 Nf6 8. c4 c6 9. cxd5 cxd5 10. Qb3 b6 11. Nc3 e6 12. Bf4 Nc6 13. Nb5 Kd7 14. Rac1 a6 15. Qc3 Rc8 16. Nc7 Nb4 17. a3 Na2 18. Qc6+ Kd8 19. e4 dxe4 20. Qxb6 Kd7 21. Qc6+ Kd8 22. Be5 Nxc1 23. Rxc1 Be7 24. Bf1 Nd5 25. Bxa6 Rxc7 26. Bxc7+ Nxc7 27. Qxc7+ Ke8 28. Qc8+ Bd8 29. Qc6+ Ke7 30. Qc5+ Kf6 31. Qxf5+ exf5 32. Rc8 Ke6 33. Bc4+ Kd7 34. Rc5 g6 35. Bxf7 Bb6 36. Rc4 Ke7 37. Rb4 Bxd4 38. Rxd4 Kxf7 39. Kf1 Ke6 40. Ke2 g5 41. b4 Ra8 42. b5 Rxa3 43. Rb4 Ra2+ 44. Ke1 Ra1+ 45. Ke2 Ra2+ 46. Ke1 Ra1+ 47. Kd2 Ra2+ 48. Kc3 Ra7 49. Kc4 Rc7+ 50. Kd4 Rd7+ 51. Kc5 Rc7+ 52. Kb6 Rc2 53. Kb7 Rxf2 54. b6 e3 55. Rb3 f4 56. Kc8 e2 57. b7 e1Q 58. b8Q Rc2+ 59. Kd8 Qd2+ 0-1

[Event "NCA-ch 2nd phase"]
[Site "Managua"]
[Date "2019.02.03"]
[Round "9"]
[White "Olivas Siles, Roberto Carlos"]
[Black "Villanueva Mena, Fhernando Ariel"]
[Result "1/2-1/2"]
[WhiteElo "1571"]
[BlackElo "1636"]
[PlyCount "72"]
[EventDate "2019.01.19"]
[EventType "swiss"]
[EventRounds "9"]
[EventCountry "NCA"]
[SourceTitle "CBM 189 Extra"]
[Source "ChessBase"]
[SourceDate "2019.06.03"]
[SourceVersion "1"]
[SourceVersionDate "2019.06.03"]
[SourceQuality "1"]

1. Nf3 Nc6 2. d4 d5 3. g3 Bf5 4. Bg2 Nf6 5. b3 e6 6. Bb2 Bd6 7. Nbd2 Nb4 8. e4 Nxe4 9. Nh4 0-0 10. Nxf5 exf5 11. 0-0 Re8 12. h3 Nc6 13. c4 dxc4 14. bxc4 Qg5 15. Nf3 Qh5 16. d5 Ne5 17. Qb3 f6 18. Nxe5 Bxe5 19. Bxe5 fxe5 20. Bxe4 fxe4 21. Qxb7 Qe2 22. Qxc7 e3 23. fxe3 Qxe3+ 24. Kg2 Qe4+ 25. Kg1 Qd4+ 26. Kg2 Qe4+ 27. Kg1 Qe3+ 28. Kg2 Rab8 29. Qf7+ Kh8 30. d6 Qd2+ 31. Qf2 Qxd6 32. Qxa7 Qc6+ 33. Kh2 Qxc4 34. Qf7 Qc2+ 35. Kh1 Qe4+ 36. Kh2 Qc2+ 1/2-1/2

[Event "NCA-ch 2nd phase"]
[Site "Managua"]
[Date "2019.01.27"]
[Round "5"]
[White "Avalos, Carlos"]
[Black "Olivas Siles, Roberto Carlos"]
[Result "1-0"]
[WhiteElo "1861"]
[BlackElo "1571"]
[PlyCount "135"]
[EventDate "2019.01.19"]
[EventType "swiss"]
[EventRounds "9"]
[EventCountry "NCA"]
[SourceTitle "CBM 189 Extra"]
[Source "ChessBase"]
[SourceDate "2019.06.03"]
[SourceVersion "1"]
[SourceVersionDate "2019.06.03"]
[SourceQuality "1"]

1. c4 e5 2. Nc3 c5 3. g3 Nc6 4. Bg2 Nf6 5. e3 Be7 6. Nge2 d6 7. a3 0-0 8. 0-0 Be6 9. d3 Qd7 10. Re1 d5 11. b3 Rfd8 12. Bb2 dxc4 13. dxc4 Qxd1 14. Raxd1 Na5 15. Nc1 Rd7 16. Nd5 Nxd5 17. cxd5 Rad8 18. e4 f6 19. Bc3 Nc6 20. Rd2 Nb8 21. Red1 Bf7 22. Bh3 Rd6 23. Nd3 b6 24. Nb2 b5 25. Ba5 Re8 26. Rc2 Na6 27. a4 Rb8 28. axb5 Rxb5 29. Nc4 Rxb3 30. Nxd6 Bxd6 31. Ra1 Nb8 32. Bd2 a6 33. Be3 Bg6 34. Bg2 Rb5 35. f3 f5 36. Bf1 Rb6 37. Bxc5 Bxc5+ 38. Rxc5 fxe4 39. fxe4 Bxe4 40. Re1 Bf5 41. Rxe5 Bd7 42. Re1 Kf7 43. Ra5 g6 44. Bc4 Kf6 45. Ra2 Bf5 46. Rf2 Kg5 47. h4+ Kh6 48. Ra1 Kg7 49. Rfa2 Bc8 50. Ra3 Rd6 51. Re3 Bd7 52. Rb1 Bb5 53. Bxb5 axb5 54. Rxb5 Nd7 55. Re7+ Kf6 56. Rxh7 Ne5 57. Rhb7 Nd7 58. Kg2 Ke5 59. Ra7 Nb6 60. Ra6 Nxd5 61. Rxd6 Kxd6 62. Kh3 Ke6 63. Rxd5 Kxd5 64. Kg4 Ke6 65. Kg5 Kf7 66. Kh6 Kf6 67. g4 Kf7 68. g5 1-0

[Event "NCA-ch 2nd phase"]
[Site "Managua"]
[Date "2019.01.26"]
[Round "4"]
[White "Olivas Siles, Roberto Carlos"]
[Black "Garcia, Antonio3333"]
[Result "1-0"]
[WhiteElo "1571"]
[BlackElo "1913"]
[PlyCount "99"]
[EventDate "2019.01.19"]
[EventType "swiss"]
[EventRounds "9"]
[EventCountry "NCA"]
[SourceTitle "CBM 189 Extra"]
[Source "ChessBase"]
[SourceDate "2019.06.03"]
[SourceVersion "1"]
[SourceVersionDate "2019.06.03"]
[SourceQuality "1"]

1. Nf3 d5 2. d4 c6 3. g3 Bf5 4. Bg2 e6 5. b3 Nf6 6. Bb2 Nbd7 7. Nbd2 Bb4 8. 0-0 0-0 9. c4 Ne4 10. a3 Bc3 11. Qc1 Bxb2 12. Qxb2 Ndf6 13. Ne5 Nxd2 14. Qxd2 Qb6 15. b4 Rfd8 16. c5 Qc7 17. e3 Ne4 18. Bxe4 dxe4 19. Nc4 Bg4 20. Nd6 Bf3 21. Qc2 f5 22. Qc4 Rxd6 23. cxd6 Qxd6 24. Rfc1 a6 25. Qc5 Qd7 26. Qe5 Qf7 27. h4 Re8 28. a4 Qh5 29. b5 Qg4 30. Kh2 axb5 31. axb5 cxb5 32. Qxb5 Rf8 33. Qe5 f4 34. exf4 e3 35. fxe3 Bd5 36. Rc2 Qf3 37. Rac1 h5 38. Re1 Rf5 39. Qd6 Rf6 40. Qe5 Rg6 41. Rg1 Be4 42. Rcg2 Kh7 43. Qa5 Bf5 44. Qe1 Qg4 45. Rf1 Qh3+ 46. Kg1 Be4 47. Rff2 Rxg3 48. Qe2 Qxh4 49. Qd1 Qh2+ 50. Kxh2 1-0